Digital Barricade for Military Cloud (DBMC) / (Record no. 610458)

000 -LEADER
fixed length control field 00514nam a22001697a 4500
003 - CONTROL NUMBER IDENTIFIER
control field NUST
005 - DATE AND TIME OF LATEST TRANSACTION
control field 20240720124322.0
082 ## - DEWEY DECIMAL CLASSIFICATION NUMBER
Classification number 005.8,FAR
100 ## - MAIN ENTRY--PERSONAL NAME
Personal name Farooq, Ammar
9 (RLIN) 124654
245 ## - TITLE STATEMENT
Title Digital Barricade for Military Cloud (DBMC) /
Statement of responsibility, etc. GC Ammar Farooq, GC Satish Kumar, GC Hasnain Ali, GC Muhammad Talha.
260 ## - PUBLICATION, DISTRIBUTION, ETC.
Place of publication, distribution, etc. MCS, NUST
Name of publisher, distributor, etc. Rawalpindi
Date of publication, distribution, etc. 2024
300 ## - PHYSICAL DESCRIPTION
Extent xii, 66 p
650 ## - SUBJECT ADDED ENTRY--TOPICAL TERM
Topical term or geographic name entry element UG BEIS
9 (RLIN) 124639
651 ## - SUBJECT ADDED ENTRY--GEOGRAPHIC NAME
Geographic name BEIS-01
9 (RLIN) 124643
700 ## - ADDED ENTRY--PERSONAL NAME
Personal name Supervisor Dr. Shahzaib Tahir
9 (RLIN) 113129
942 ## - ADDED ENTRY ELEMENTS (KOHA)
Source of classification or shelving scheme
Koha item type Project Report

No items available.

© 2023 Central Library, National University of Sciences and Technology. All Rights Reserved.